000 00668nam a2200289Ia 4500
005 20260324141831.0
008 008 260324s9999 xx 000 0 eng d
020 _a9780203430729
037 _aEBOOK
040 _aCRL
040 _beng
040 _cCRL
041 _2eng
041 _aeng
084 _qCRL
100 _aBrian Roberts
_91209691
245 0 _aLandscapes of Settlement
245 0 _bPrehistory to the Present
260 _bTaylor and Francis
260 _c1996
365 _a
365 _b300
856 _uhttp://www.taylorfrancis.com/books/9780203430729
942 _cEBOOK
999 _c1813181
_d1813181